A woman's unconscious use of her body /

Bibliographic Details
Main Author: Pines, Dinora
Format: Book
Language:English
Published: New Haven, CT : Yale University Press, 1994.
Subjects:

MARC

Tag First Indicator Second Indicator Subfields
LEADER 00000cam a2200000 a 4500
001 in00001184521
005 20151002051544.0
008 940606r19941993ctu 000 0 eng d
010 |a  93061537  
020 |a 0300059604 
035 |a (OCoLC)30560710 
035 |9 AGH3971AM 
040 |a LSH  |c LSH  |d XTA  |d TXA  |d UtOrBLW 
049 |a TXAM 
090 |a HQ1206  |b .P56 1994 
092 |a 155.333  |b PIN 
100 1 |a Pines, Dinora. 
245 1 2 |a A woman's unconscious use of her body /  |c Dinora Pines. 
264 1 |a New Haven, CT :  |b Yale University Press,  |c 1994. 
300 |a 243 pages ;  |c 20 cm. 
336 |a text  |b txt  |2 rdacontent 
337 |a unmediated  |b n  |2 rdamedia 
338 |a volume  |b nc  |2 rdacarrier 
500 |a "First published 1993 in the United Kingdom by Virago Press Limited"--Title page verso. 
504 |a Includes bibliography (pages 226-231) and index. 
650 0 |a Psychoanalysis. 
650 0 |a Women  |x Psychology. 
650 0 |a Women  |x Mental health. 
999 |a MARS 
999 f f |s 679307d8-7b3e-32e2-812b-ad90a83bc9d1  |i d489e4f0-ab63-3f6a-82c0-ef773876b6f5  |t 0 
952 f f |p ric  |a Texas A&M University  |b Rellis Campus  |c Joint Library Facility  |d Remote Storage  |t 0  |e HQ1206 .P56 1994  |h Library of Congress classification  |i unmediated -- volume  |m A14818469045 
998 f f |a HQ1206 .P56 1994  |t 0  |l Remote Storage